000
00312nam a22001217a 4500
999
_c
8005
_d
8005
008
200616b ||||| |||| 00| 0 eng d
020
_a
9781859462539
082
_a
690.15
_b
GAR
100
_a
Garrand, Christopher
245
_a
Roofing : technical review
260
_a
London
_b
RIBA Publishing
_c
2008
942
_2
ddc